[Event "CFriend SI-2003-0-00006 email"]
[Site "Chessfriend.com"]
[Date "2003.04.06"]
[Round "?"]
[White "Itter, Erik"]
[Black "Bujdak, Pavol"]
[Result "0-1"]
[WhiteElo "1744"]
[BlackElo "1989"]
[PlyCount "28"]
[EventDate "2003.??.??"]
[EventType "tourn (corr)"]
[EventRounds "8"]
[SourceTitle "Corr 2008"]
[Source "ChessBase"]
[SourceDate "2008.06.24"]
[SourceVersion "1"]
[SourceVersionDate "2008.06.24"]
[SourceQuality "1"]

1. d4 d5 2. c4 c6 3. Nc3 Nf6 4. Nf3 dxc4 5. a4 Bf5 6. Ne5 Nbd7 7. Nxc4 Nb6 8. Ne5 e6 9. f3 Nfd7 10. Nxd7 Nxd7 11. e4 Bg6 12. a5 Bd6 13. Be3 0-0 14. Be2 Qc7 0-1

[Event "CFriend SI-2003-0-00006 email"]
[Site "Chessfriend.com"]
[Date "2003.04.06"]
[Round "?"]
[White "Itter, Erik"]
[Black "Dehaybe, Andre"]
[Result "0-1"]
[WhiteElo "1747"]
[BlackElo "1888"]
[PlyCount "30"]
[EventDate "2003.??.??"]
[EventType "tourn (corr)"]
[EventRounds "8"]
[SourceTitle "Corr 2008"]
[Source "ChessBase"]
[SourceDate "2008.06.24"]
[SourceVersion "1"]
[SourceVersionDate "2008.06.24"]
[SourceQuality "1"]

1. d4 d5 2. c4 e6 3. Nc3 Nc6 4. Nf3 Nf6 5. a3 Be7 6. Bg5 h6 7. cxd5 exd5 8. Bxf6 Bxf6 9. e3 Ne7 10. Bd3 c6 11. h3 Bf5 12. 0-0 0-0 13. Rc1 Re8 14. Re1 Qd7 15. b4 Bxd3 0-1

[Event "CFriend SI-2003-0-00006 email"]
[Site "Chessfriend.com"]
[Date "2003.04.06"]
[Round "?"]
[White "Itter, Erik"]
[Black "Milde, Lars"]
[Result "0-1"]
[WhiteElo "1744"]
[BlackElo "1880"]
[PlyCount "30"]
[EventDate "2003.??.??"]
[EventType "tourn (corr)"]
[EventRounds "8"]
[SourceTitle "Corr 2008"]
[Source "ChessBase"]
[SourceDate "2008.06.24"]
[SourceVersion "1"]
[SourceVersionDate "2008.06.24"]
[SourceQuality "1"]

1. d4 d5 2. c4 c6 3. Nc3 Nf6 4. Nf3 e6 5. g3 Nbd7 6. Bg2 Bd6 7. Qd3 0-0 8. 0-0 Qe7 9. Bg5 dxc4 10. Qxc4 h6 11. Bxf6 Nxf6 12. Ne5 Rd8 13. Rad1 Qc7 14. f4 Bf8 15. e4 Ne8 0-1

[Event "CFriend SI-2003-0-00006 email"]
[Site "Chessfriend.com"]
[Date "2003.04.06"]
[Round "?"]
[White "Vidalina, Franjo"]
[Black "Itter, Erik"]
[Result "1-0"]
[WhiteElo "1848"]
[BlackElo "1744"]
[PlyCount "27"]
[EventDate "2003.??.??"]
[EventType "tourn (corr)"]
[EventRounds "8"]
[SourceTitle "Corr 2008"]
[Source "ChessBase"]
[SourceDate "2008.06.24"]
[SourceVersion "1"]
[SourceVersionDate "2008.06.24"]
[SourceQuality "1"]

1. e4 c5 2. Nf3 d6 3. d4 cxd4 4. Nxd4 Nc6 5. Nc3 e6 6. Be3 Nge7 7. Nb3 a6 8. Qd2 Ng6 9. f4 Be7 10. g3 b5 11. h4 h5 12. 0-0-0 Bb7 13. Qf2 Qc7 14. Bb6 1-0